| 000 | 00554nam a22001817a 4500 | ||
|---|---|---|---|
| 999 |
_c191300 _d191300 |
||
| 005 | 20220824114928.0 | ||
| 010 | _aENG-134598 | ||
| 020 |
_c200.00 _a9789394616257 |
||
| 035 | _aEN-118130 | ||
| 037 | _bDBAD/PUB | ||
| 082 | _a372 | ||
| 100 | _aSarim,Sardar | ||
| 245 | _aChild education & School management | ||
| 260 |
_aNew Delhi _bEducational publishing house _c2022 |
||
| 270 |
_ah.no.D1/16,Ansari road, Darya Ganj _bNew Delhi _e713325 _k7001365261 _minfo@ephbooks.com |
||
| 300 |
_a120p. _c22cm(pbk) |
||
| 942 |
_2ddc _cEN _h372 _mSAR |
||